[Event "DOM-ch (Women)"]
[Site "Santo Domingo"]
[Date "2022.02.27"]
[Round "4"]
[White "Coronado Paulino, Katerine E"]
[Black "Coronado Paulino, Karen Libell"]
[Result "1/2-1/2"]
[WhiteElo "1616"]
[BlackElo "1681"]
[PlyCount "29"]
[EventDate "2022.02.25"]
[EventType "swiss"]
[EventRounds "8"]
[EventCountry "DOM"]
[SourceTitle "EXT 2023"]
[Source "ChessBase"]
[SourceDate "2022.10.05"]
[SourceVersion "1"]
[SourceVersionDate "2022.10.05"]
[SourceQuality "1"]

1. e4 e5 2. Nf3 Nc6 3. Nc3 Nf6 4. Bc4 Bc5 5. 0-0 d6 6. h3 0-0 7. d3 h6 8. Be3 Bb6 9. Re1 Re8 10. Bxb6 axb6 11. d4 exd4 12. Nxd4 Na5 13. Bb3 Nxb3 14. axb3 Rxa1 15. Qxa1 1/2-1/2

[Event "DOM-ch (Women)"]
[Site "Santo Domingo"]
[Date "2018.03.18"]
[Round "8"]
[White "Ramirez Luzon, Franchesca"]
[Black "Coronado Paulino, Katerine E"]
[Result "0-1"]
[WhiteElo "1443"]
[BlackElo "1636"]
[PlyCount "72"]
[EventDate "2018.03.09"]
[EventType "swiss"]
[EventRounds "8"]
[EventCountry "DOM"]
[SourceTitle "EXT 2019"]
[Source "ChessBase"]
[SourceDate "2018.10.10"]
[SourceVersion "1"]
[SourceVersionDate "2018.10.10"]
[SourceQuality "1"]

1. e4 c5 2. Nf3 Nc6 3. d3 d6 4. g3 g6 5. Bg2 Bg7 6. 0-0 Nf6 7. c3 0-0 8. Nbd2 Bg4 9. Re1 Ne5 10. Qc2 Nxf3+ 11. Nxf3 Qc8 12. Be3 Rb8 13. a4 a6 14. Qd2 Bh3 15. Bh6 Bxg2 16. Kxg2 Re8 17. Bxg7 Kxg7 18. d4 cxd4 19. cxd4 Qg4 20. h3 Qd7 21. a5 Qb5 22. Rac1 Rec8 23. e5 dxe5 24. Rxe5 Qd7 25. Rec5 Ne4 26. Ne5 Qe6 27. Qf4 Nxc5 28. Rxc5 Rxc5 29. dxc5 Qd5+ 30. Kg1 Rd8 31. b4 f6 32. Ng4 Qd2 33. Qc4 Rd7 34. c6 bxc6 35. Qxc6 h5 36. Ne3 Qe1+ 0-1

[Event "DOM-ch (Women)"]
[Site "Santo Domingo"]
[Date "2018.03.17"]
[Round "6"]
[White "Castillo Pena, Patricia Evarista"]
[Black "Coronado Paulino, Katerine E"]
[Result "1-0"]
[WhiteElo "1784"]
[BlackElo "1636"]
[PlyCount "87"]
[EventDate "2018.03.09"]
[EventType "swiss"]
[EventRounds "8"]
[EventCountry "DOM"]
[SourceTitle "CBM 183 Extra"]
[Source "ChessBase"]
[SourceDate "2018.04.19"]
[SourceVersion "1"]
[SourceVersionDate "2018.04.19"]
[SourceQuality "1"]

1. d4 d5 2. Nf3 e6 3. e3 f5 4. c4 c6 5. Bd3 Bd6 6. Nc3 Nf6 7. c5 Bc7 8. b4 0-0 9. Bb2 Bd7 10. a4 Be8 11. Nd2 Nbd7 12. f3 Nh5 13. 0-0 Rf6 14. f4 Rh6 15. Nf3 Ndf6 16. Bc1 Ne4 17. Bd2 Nhf6 18. Bxe4 Nxe4 19. Nxe4 dxe4 20. Ng5 Rg6 21. Qb3 Qe7 22. Bc3 h6 23. Nh3 Bf7 24. Qb2 Qh4 25. Kh1 Rd8 26. b5 Qe7 27. a5 Rb8 28. b6 axb6 29. axb6 Bd8 30. Ra7 Qe8 31. Ng1 Be7 32. Ne2 h5 33. Nc1 h4 34. Nb3 Rh6 35. Na5 Qc8 36. Nc4 Ra8 37. Rfa1 Rb8 38. R1a3 Rh8 39. Qa1 Kh7 40. h3 g5 41. Ne5 Kg7 42. fxg5 Bxg5 43. d5 Bf6 44. dxc6 1-0

[Event "DOM-ch (Women)"]
[Site "Santo Domingo"]
[Date "2016.04.01"]
[Round "5"]
[White "Castillo Pena, Patricia Evarista"]
[Black "Coronado Paulino, Katerine E"]
[Result "1-0"]
[WhiteElo "1727"]
[BlackElo "1790"]
[PlyCount "45"]
[EventDate "2016.03.18"]
[EventType "swiss"]
[EventRounds "8"]
[EventCountry "DOM"]
[SourceTitle "CBM 171 Extra"]
[Source "ChessBase"]
[SourceDate "2016.04.26"]
[SourceVersion "1"]
[SourceVersionDate "2016.04.26"]
[SourceQuality "1"]

1. e4 e5 2. Nf3 Nc6 3. d4 exd4 4. Nxd4 Nxd4 5. Qxd4 d6 6. Nc3 h6 7. Be3 Nf6 8. f3 a6 9. 0-0-0 Qe7 10. Nd5 Nxd5 11. exd5 Qe5 12. Qd2 Bf5 13. Re1 0-0-0 14. Bg5 Be4 15. Bxd8 Kxd8 16. Rxe4 Qf5 17. Qe3 Qd7 18. Bd3 Be7 19. Re1 Bf6 20. Qa7 Qc8 21. Rb4 b5 22. a4 Kd7 23. Bf5+ 1-0